Magnetic stars (Record no. 10360)

MARC details
000 -LEADER
fixed length control field 00930nam a2200229Ia 4500
003 - CONTROL NUMBER IDENTIFIER
control field IN-BaIIA
008 - FIXED-LENGTH DATA ELEMENTS--GENERAL INFORMATION
fixed length control field 211028s9999 xx 000 0 eng d
020 ## - INTERNATIONAL STANDARD BOOK NUMBER
International Standard Book Number 5-02-024566-6
040 ## - CATALOGING SOURCE
Transcribing agency IIA Library
080 ## - UNIVERSAL DECIMAL CLASSIFICATION NUMBER
Universal Decimal Classification number 524.338.3(082.2)
Item number MAG
111 ## - MAIN ENTRY--MEETING NAME
Meeting name or jurisdiction name as entry element International Meeting on the problem physics and evolution of stars
Location of meeting Russia
Date of meeting or treaty signing 1987 Oct. 12-17
9 (RLIN) 17609
245 #0 - TITLE STATEMENT
Title Magnetic stars
Remainder of title proceedings of International meeting on the problem physics and evolution of stars held in Nizny Arkhyz, Russia, 12-17 Oct 1987
Statement of responsibility, etc. edited by Yu. V. Glagolevsky and I. M. Kopylov
260 ## - PUBLICATION, DISTRIBUTION, ETC.
Place of publication, distribution, etc. Leningrad
Name of publisher, distributor, etc. Nauka Publishing
Date of publication, distribution, etc. 1988
300 ## - PHYSICAL DESCRIPTION
Extent 327p.
650 ## - SUBJECT ADDED ENTRY--TOPICAL TERM
Topical term or geographic name entry element AP stars
9 (RLIN) 9396
650 ## - SUBJECT ADDED ENTRY--TOPICAL TERM
Topical term or geographic name entry element Astronomy and astrophysics thesaurus
650 ## - SUBJECT ADDED ENTRY--TOPICAL TERM
Topical term or geographic name entry element Magnetic properties
9 (RLIN) 2241
650 ## - SUBJECT ADDED ENTRY--TOPICAL TERM
Topical term or geographic name entry element Magnetic stars
9 (RLIN) 5410
700 ## - ADDED ENTRY--PERSONAL NAME
Personal name Glagolevsky, Yu. V., ed.
9 (RLIN) 17610
700 ## - ADDED ENTRY--PERSONAL NAME
Personal name Kopylov, I. M.
9 (RLIN) 17611
942 ## - ADDED ENTRY ELEMENTS (KOHA)
Koha item type Books
Holdings
Withdrawn status Lost status Damaged status Not for loan Home library Current library Shelving location Date acquired Total Checkouts Full call number Barcode Date last seen Price effective from Koha item type
        IIA Library-Bangalore IIA Library-Bangalore General Stacks 24/04/1992   524.338.3(082.2)/ MAG 11270 05/11/2021 24/04/1992 Books

Powered by Koha